Merging Plant Breeding with Crop Biotechnology/ (Record no. 757494)

MARC details
000 -LEADER
fixed length control field 00377nam a2200133 4500
020 ## - INTERNATIONAL STANDARD BOOK NUMBER
ISBN 9789383101528
082 ## - DEWEY DECIMAL CLASSIFICATION NUMBER
Classification number 631.5 GAL
084 ## - OTHER CLASSIFICATION NUMBER
Source of Number Colon Classification
100 ## - MAIN ENTRY--AUTHOR NAME
Personal name Galbraith, William
245 ## - TITLE STATEMENT
Title Merging Plant Breeding with Crop Biotechnology/
Statement of responsibility, etc William Galbraith
260 ## - PUBLICATION, DISTRIBUTION, ETC. (IMPRINT)
Place of publication Jaipur:
Name of publisher Agrotech Press;
Year of publication 2025.
942 ## - ADDED ENTRY ELEMENTS (KOHA)
Source of classification or shelving scheme Dewey Decimal Classification
Koha item type Book
Holdings
Withdrawn status Lost status Source of classification or shelving scheme Damaged status Not for loan Home Library Current Location Date acquired Full call number Accession Number Price effective from Koha item type
    Dewey Decimal Classification     Dept. of Bio-Technology Dept. of Bio-Technology 05/05/2026 631.5 GAL BTY3688 11/03/2026 Book